UM Logo

Putting relationships frst : (Record no. 22558)

MARC details
000 -LEADER
fixed length control field 00526nam a22001337a 4500
005 - DATE AND TIME OF LATEST TRANSACTION
control field 20241015095344.0
008 - FIXED-LENGTH DATA ELEMENTS--GENERAL INFORMATION
fixed length control field 241015b |||||||| |||| 00| 0 eng d
100 ## - MAIN ENTRY--PERSONAL NAME
Personal name Childress, Traci.
9 (RLIN) 62942
245 ## - TITLE STATEMENT
Title Putting relationships frst :
Remainder of title using principles from Reggio Emilia to be responsive to our students /
Statement of responsibility, etc. Traci Childress.
260 ## - PUBLICATION, DISTRIBUTION, ETC. (IMPRINT)
Place of publication, distribution, etc. Washington;
Name of publisher, distributor, etc. Taylor & Francis Group,
Date of publication, distribution, etc. November-December 2020.
300 ## - PHYSICAL DESCRIPTION
Extent Volume 96, pages 46-53,
Other physical details illustration.
700 ## - ADDED ENTRY--PERSONAL NAME
Personal name Childress, Traci.
Relator term author.
9 (RLIN) 62943
942 ## - ADDED ENTRY ELEMENTS (KOHA)
Source of classification or shelving scheme Dewey Decimal Classification
Koha item type Periodicals
Holdings
Withdrawn status Lost status Source of classification or shelving scheme Damaged status Not for loan Collection code Home library Current library Date acquired Total Checkouts Date last seen Price effective from Koha item type Public note
    Dewey Decimal Classification     Periodicals UM Digos College - LIC UM Digos College - LIC 10/15/2024   10/15/2024 10/15/2024 Periodicals Periodical Article